Radar design principles; (Record no. 545711)
[ view plain ]
| 000 -LEADER | |
|---|---|
| fixed length control field | 00476cam a2200145 4500 |
| 082 00 - DEWEY DECIMAL CLASSIFICATION NUMBER | |
| Classification number | 621.3848 |
| Author Mark | NAT |
| -- | L-11 P-132. |
| 100 1# - MAIN ENTRY--PERSONAL NAME | |
| Personal name | Nathanson, Fred E. |
| 9 (RLIN) | 41664 |
| 245 10 - TITLE STATEMENT | |
| Title | Radar design principles; |
| Remainder of title | signal processing and the environment |
| Statement of responsibility, etc. | [by] Fred E. Nathanson. |
| 260 ## - PUBLICATION, DISTRIBUTION, ETC. | |
| Place of publication, distribution, etc. | New York, |
| Name of publisher, distributor, etc. | McGraw-Hill Book Co. |
| Date of publication, distribution, etc. | [1969] |
| 300 ## - PHYSICAL DESCRIPTION | |
| Extent | xiii, 626 p. |
| Other physical details | illus. |
| Dimensions | 23 cm. |
| 526 ## - STUDY PROGRAM INFORMATION NOTE | |
| Program name | 0 |
| Interest level | 0 |
| Reading level | 0 |
| Title point value | 621_384800000000000_NAT |
| 650 #0 - SUBJECT ADDED ENTRY--TOPICAL TERM | |
| Topical term or geographic name entry element | MCE |
| 9 (RLIN) | 379 |
| 650 #0 - SUBJECT ADDED ENTRY--TOPICAL TERM | |
| Topical term or geographic name entry element | Radar. |
| 9 (RLIN) | 28728 |
| 942 ## - ADDED ENTRY ELEMENTS (KOHA) | |
| Source of classification or shelving scheme | |
| Koha item type | Book |
| Withdrawn status | Lost status | Source of classification or shelving scheme | Damaged status | Not for loan | Permanent Location | Current Location | Date acquired | Total Checkouts | Full call number | Barcode | Date last seen | Date last checked out | Price effective from | Koha item type |
|---|---|---|---|---|---|---|---|---|---|---|---|---|---|---|
| Military College of Engineering (MCE) | Military College of Engineering (MCE) | 05/28/2014 | 1 | 621.3848 NAT | MCE-15861 | 06/12/2014 | 05/28/2014 | 05/28/2014 | Book |
